Word Ladder: Ernest Hemingway Book Quiz Stats

Quiz Updated Jan 21, 2016

Challenge
Share
Tweet
Embed
Score 0/17 Timer 02:00
1 Play Today
Hint 4-Letter Word % Correct
● Cost of a bus trip ●● FARE ●
97.5%
Required payment on some roadsTOLL
96.8%
Berlin divider during the Cold WarWALL
96.6%
Actor's partROLE
95.8%
1,760 yardsMILE
95.7%
To relate a storyTELL
95.6%
● Water source ●● WELL ●
95.1%
Broadway musical: Merrily We ____ AlongROLL
94.4%
Double agentMOLE
92.6%
Hint 4-Letter Word % Correct
Beatles song: Ticket to ____RIDE
90.9%
To irritateRILE
90%
Item for saleWARE
87.4%
Corduroy ridgeWALE
85.5%
Completely removesRIDS
84.3%
● Weapons ●● ARMS ●
78.1%
Directs towards someoneAIMS
76.3%
Provides supportAIDS
76.3%

Today's Daily Dose

Missing Word
1971 Movies A-Z

Word Ladder
Complete Tour

Quick Pick
Logo Colors

On This Day
January 19th

You're not logged in!

Compare scores with friends on all Sporcle quizzes.
Sign Up with Email
OR
Log In

You Might Also Like...

Show Comments

Extras

Top Quizzes Today


Score Distribution

Your Account Isn't Verified!

In order to create a playlist on Sporcle, you need to verify the email address you used during registration. Go to your Sporcle Settings to finish the process.